Soil potassium dynamics under intensive rice cropping. A case study in the mekong Delta, Vietnam

Gardado en:
Detalles Bibliográficos
Autor Principal: Nguyen, My Hoa
Formato: Libro
Idioma:Undetermined
Publicado: Wageningen Ph. D Thsis Wageningen University 2003
Những chủ đề:
Các nhãn: Engadir etiqueta
Sen Etiquetas, Sexa o primeiro en etiquetar este rexistro!
Thư viện lưu trữ: Trung tâm Học liệu Trường Đại học Cần Thơ
LEADER 00596nam a2200193Ia 4500
001 CTU_122503
008 210402s9999 xx 000 0 und d
082 |a 631.41 
082 |b H401 
100 |a Nguyen, My Hoa 
245 0 |a Soil potassium dynamics under intensive rice cropping. A case study in the mekong Delta, Vietnam 
245 0 |c Nguyen My Hoa 
260 |a Wageningen 
260 |b Ph. D Thsis Wageningen University 
260 |c 2003 
650 |a Soils,Soil chemistry 
650 |x Potassium content 
904 |i M.Loan 
980 |a Trung tâm Học liệu Trường Đại học Cần Thơ